El Museo Maricel de Mar / por Vicente Maestre Abad
Publicado:
San Jorge, núm. 78 (2n trimestre 1970), pàg 33 - 42 :
MARC
| LEADER | 00000nam a2200000Ia 4500 | ||
|---|---|---|---|
| 001 | |||
| 008 | 160829s9999 xx 000 0 cat d | ||
| 100 | |a Maestre Abad, Vicente |9 29778 | ||
| 245 | |a El Museo Maricel de Mar / por Vicente Maestre Abad | ||
| 260 | |a San Jorge, núm. 78 (2n trimestre 1970), pàg 33 - 42 | ||
| 650 | |a Museu Maricel (Sitges) |9 40662 | ||
| 650 | 0 | |a Sitges |x Museus |9 40663 | |
| 901 | |a Arxiu | ||
| 942 | |n 1 | ||
| 952 | |0 0 |1 0 |4 0 |7 1 |9 49838 |a Arxiu |b Arxiu |d 2016-12-01 |l 0 |r 2016-12-01 00:00:00 |w 2016-12-01 |y ARXIU | ||
| 999 | |c 53680 |d 53680 | ||